La atención y el aprendizaje

Saved in:
Bibliografiske detaljer
Hovedforfatter: Taylor, Stanford E (Author)
Format: Bog
Sprog:spansk
Udgivet: Buenos Aires Libreria del Colegio 1970
Serier:Nueva Pedagogía, 29
Fag:
Tags: Tilføj Tag
Ingen Tags, Vær først til at tagge denne postø!

MARC

LEADER 00000nam a2200000 a 4500
001 UCW5198
003 CL-VaPUC
008 910108e19700000AG |||||||||||||||||spa|d
082 0 4 |a 370.15  |b TAY  |2 21 
100 0 |a Taylor, Stanford E  |e author  |9 310081 
245 1 3 |a La atención y el aprendizaje 
300 |a 45 p 
942 |c BK 
945 |d 19910108 00:00:00 
260 |a Buenos Aires  |b Libreria del Colegio  |c 1970 
650 0 |a Psicología del aprendizaje  |9 306854 
583 |a last modification  |c 19910108 00:00:00  |k Rodrigo Vera 
490 0 |a Nueva Pedagogía, 29 
999 |c 218684  |d 218682 
952 |0 0  |1 0  |4 0  |6 370_150000000000000_TAY_1970  |7 0  |8 P  |9 208621  |a BIBEDU  |b BIBEDU  |c BIBEDU_PB  |d 2019-11-15  |i 2764938  |o 370.15 TAY 1970  |p 2764938  |r 2024-01-25  |w 2019-11-15  |y BK  |k EDU 
952 |0 0  |1 0  |4 0  |6 370_150000000000000_TAY_1970  |7 0  |8 P  |9 208622  |a BIBEDU  |b BIBEDU  |c BIBEDU_PB  |d 2019-11-15  |i 1529560  |o 370.15 TAY 1970  |p 1529560  |r 2024-01-25  |w 2019-11-15  |y BK  |k EDU